000 01707nas a22003377a 4500
999 _c4899
_d4899
005 20220908154023.0
008 190807b ||||| |||| 00| 0 eng d
022 _a0272-4332
082 1 4 _214
_a353.9
210 0 0 _aSRA Journal
245 0 0 _aRisk Analysis :
_ban International Journal /
_cSociety for Risk Analysis .
260 _aNew Jersey :
_bSRA ,
_c1981 -
300 _aImpresa y digital
310 _aMensual
362 _a[ Año 1, No. 1 ] (1981) -
500 _aRevista oficial recibida por todos los miembros de la SRA, proporciona un punto focal para los nuevos desarrollos en la teoría y la práctica del análisis de riesgos para investigadores y profesionales de una amplia gama de disciplinas, incluidas las de comportamiento, biológicas, de decisión, económicas, de ingeniería. , salud, física y ciencias sociales. Sus artículos de investigación y perspectiva se centran en la evaluación de riesgos, la gestión, la percepción y la comunicación en las áreas temáticas de salud humana, seguridad y el entorno natural y construido.
_zhttps://sra.org/sra-journal
505 _aTiene un formato digital, pero es sólo por suscripción.
650 2 7 _2spines
_97982
_aRIESGO
650 2 7 _2spines
_91458
_aSEGURIDAD
650 2 0 _aDESASTRE NATURAL
_94739
650 2 7 _2unescot
_97985
_aDESASTRE CAUSADO POR EL HOMBRE
650 2 7 _2unescot
_91102
_aCAMBIO CLIMATICO
650 2 7 _2unescot
_97984
_aPREVENCIÓN DE DESASTRES
650 2 7 _2decs
_97987
_aEPIDEMIAS
650 2 7 _2unescot
_9784
_aCONTAMINACION
650 2 7 _2unescot
_9805
_aTERRORISMO
710 1 _aSociety for Risk Analysis
_97989
869 _a2012
_n10-12
_v32
942 _2ddc
_cREV
980 _820562
_g Diego Higa